000 00630nam a2200241Ia 4500
003 OSt
005 20220918181933.0
006 a|||||r|||| 00| 0
007 ta
008 220917b |||||||| |||| 00| 0 eng d
024 _a29,448
037 _cTextual
040 _aARTS
_cARTS
_beng
041 _2eng
_aeng
082 _aO111, 3N396, 1, N6
100 _aAtwood Margaret
_913115
245 0 _aAlisa grace
260 _aLondon
_bBloomsbury
_c1996
300 _a470p.
_ccm.
650 _aENGLISH LITERATURE
942 _hO111, 3N396, 1, N6
_cTEXL
_2CC
999 _c167283
_d167283